[Event "Benidorm op U2000 17th"]
[Site "Benidorm"]
[Date "2018.12.04"]
[Round "5"]
[White "Torras Campdelacreu, Xavier"]
[Black "Nunez Colome, David"]
[Result "1/2-1/2"]
[WhiteElo "1872"]
[BlackElo "1993"]
[PlyCount "76"]
[EventDate "2018.11.30"]
[EventType "swiss"]
[EventRounds "10"]
[EventCountry "ESP"]
[SourceTitle "EXT 2022"]
[Source "ChessBase"]
[SourceDate "2021.10.06"]
[SourceVersion "1"]
[SourceVersionDate "2021.10.06"]
[SourceQuality "1"]

1. d4 e6 2. c4 d5 3. Nf3 Nf6 4. Nc3 Be7 5. e3 0-0 6. cxd5 exd5 7. Bd3 b6 8. 0-0 Bb7 9. Qc2 Nbd7 10. Ng5 h6 11. Nf3 c5 12. Bd2 Rc8 13. Bf5 Bd6 14. Qd3 Re8 15. Rfd1 Qe7 16. a4 Rcd8 17. a5 Bb8 18. axb6 axb6 19. Qb5 g6 20. Bxd7 Nxd7 21. dxc5 Qxc5 22. Qxc5 bxc5 23. Nb5 Ne5 24. Nxe5 Bxe5 25. Bc3 Bxc3 26. bxc3 Rd7 27. h3 Red8 28. Ra5 Ra8 29. Rda1 Rxa5 30. Rxa5 Bc6 31. Na7 Rc7 32. Rxc5 Rxa7 33. Rxc6 Ra3 34. Kh2 Kf8 35. Rc7 Kg7 36. g4 Kf6 37. Kg3 Ke6 38. h4 Ra1 1/2-1/2

[Event "Roncana op-A 9th"]
[Site "Santa Eulalia de Roncana"]
[Date "2015.10.31"]
[Round "4"]
[White "Ayats Llobera, Gerard"]
[Black "Torras Campdelacreu, Xavier"]
[Result "1-0"]
[WhiteElo "2188"]
[BlackElo "1992"]
[PlyCount "115"]
[EventDate "2015.10.03"]
[EventType "swiss"]
[EventRounds "8"]
[EventCountry "ESP"]
[SourceTitle "EXT 2017"]
[Source "ChessBase"]
[SourceDate "2016.10.25"]
[SourceVersion "1"]
[SourceVersionDate "2016.10.25"]
[SourceQuality "1"]

1. d4 d5 2. c4 e6 3. Nc3 Nf6 4. cxd5 exd5 5. Bf4 Bd6 6. Bxd6 Qxd6 7. e3 0-0 8. Bd3 Bg4 9. Nge2 Nbd7 10. 0-0 c6 11. Rb1 Bh5 12. b4 Ng4 13. Ng3 Ndf6 14. Be2 Rfe8 15. Rb3 Re6 16. Na4 b6 17. h3 Nxf2 18. Kxf2 Bg6 19. Bf3 Rae8 20. Qd2 h5 21. Ne2 h4 22. Nf4 Ne4+ 23. Bxe4 Bxe4 24. Nc3 Bxg2 25. Kxg2 Rxe3 26. Nce2 R3e4 27. Nc3 R4e7 28. Rf3 Qh6 29. Rb1 Qg5+ 30. Kh2 Qf5 31. Rbf1 Qg5 32. Qg2 Qxg2+ 33. Kxg2 Re3 34. Rxe3 Rxe3 35. Rf3 Re1 36. b5 cxb5 37. Nxb5 a6 38. Nc7 Rd1 39. Nfxd5 Rxd4 40. Nxb6 a5 41. a4 Rb4 42. Nb5 f6 43. Rc3 Rb2+ 44. Kf3 Kf7 45. Rc7+ Kg6 46. Ra7 Rb3+ 47. Kg2 Rb2+ 48. Kf1 Rb1+ 49. Ke2 Rb2+ 50. Kd1 Rb3 51. Rxa5 Rxh3 52. Ra8 Rb3 53. Kc2 Rg3 54. Rh8 Kg5 55. a5 Rg2+ 56. Kb3 Rg1 57. a6 Rb1+ 58. Ka4 1-0

[Event "Benidorm op U2000 13th"]
[Site "Benidorm"]
[Date "2014.12.07"]
[Round "10"]
[White "Perez Garcia, Juan Angel"]
[Black "Torras Campdelacreu, Xavier"]
[Result "1-0"]
[WhiteElo "1921"]
[BlackElo "1802"]
[PlyCount "37"]
[EventDate "2014.11.28"]
[EventType "swiss"]
[EventRounds "10"]
[EventCountry "ESP"]
[SourceTitle "CBM 163 Extra"]
[Source "ChessBase"]
[SourceDate "2014.12.23"]
[SourceVersion "1"]
[SourceVersionDate "2014.12.23"]
[SourceQuality "1"]

1. e4 c5 2. Nf3 Nc6 3. Bb5 d6 4. 0-0 Bd7 5. c3 e6 6. d4 cxd4 7. cxd4 Ne5 8. Nxe5 Bxb5 9. Nxf7 Kxf7 10. Qh5+ g6 11. Qxb5 Qc7 12. Nc3 Bg7 13. Be3 h5 14. Rac1 a6 15. Qb3 Qe7 16. f4 Bh6 17. d5 exd5 18. Nxd5 Qe6 19. Rc7+ 1-0

[Event "Roncana op-A 7th"]
[Site "Santa Eulalia de Roncana"]
[Date "2013.10.26"]
[Round "4"]
[White "Torras Campdelacreu, Xavier"]
[Black "Amores Oliveros, Justo"]
[Result "0-1"]
[WhiteElo "1855"]
[BlackElo "1775"]
[PlyCount "86"]
[EventDate "2013.10.05"]
[EventType "swiss"]
[EventRounds "8"]
[EventCountry "ESP"]
[SourceTitle "CBM 157 Extra"]
[Source "ChessBase"]
[SourceDate "2013.12.19"]
[SourceVersion "1"]
[SourceVersionDate "2013.12.19"]
[SourceQuality "1"]

1. d4 d6 2. c4 Nf6 3. Nc3 c6 4. g3 Nbd7 5. Bg2 e5 6. e4 Be7 7. Nge2 0-0 8. 0-0 Qc7 9. Kh1 a6 10. a4 b6 11. f4 Bb7 12. fxe5 dxe5 13. d5 Bc5 14. h3 Rad8 15. g4 Ne8 16. Ng3 Nd6 17. Qe2 Bd4 18. Bd2 Nc5 19. Ra3 a5 20. Nf5 Ba6 21. b3 Nxf5 22. gxf5 Qe7 23. Qg4 f6 24. Ra2 Nxb3 25. dxc6 Bxc3 26. Bxc3 Bxc4 27. Rg1 Rd3 28. Be1 Nc5 29. Ra1 Rc8 30. Rc1 Bb3 31. Bf1 Rd4 32. Rxc5 bxc5 33. Bh4 Bxa4 34. Bf2 Bxc6 35. Bxd4 cxd4 36. Bd3 Re8 37. Bc4+ Kh8 38. Be6 d3 39. Qh4 d2 40. Rd1 Rd8 41. Kg1 Rd4 42. Qf4 Qd8 43. Qf2 Ba4 0-1

[Event "Benidorm op U2200 10th"]
[Site "Benidorm"]
[Date "2011.12.04"]
[Round "3"]
[White "Bru Rullo, Llatzer"]
[Black "Torras Campdelacreu, Xavier"]
[Result "1-0"]
[WhiteElo "1985"]
[BlackElo "1890"]
[PlyCount "51"]
[EventDate "2011.12.02"]
[EventType "swiss"]
[EventRounds "10"]
[EventCountry "ESP"]
[SourceTitle "CBM 145 Extra"]
[Source "ChessBase"]
[SourceDate "2012.01.03"]
[SourceVersion "1"]
[SourceVersionDate "2012.01.03"]
[SourceQuality "1"]

1. e4 c5 2. Nf3 Nc6 3. c3 Nf6 4. e5 Nd5 5. d4 cxd4 6. cxd4 d6 7. Bc4 Nb6 8. Bb5 Bd7 9. exd6 e6 10. 0-0 Bxd6 11. Nc3 a6 12. Bd3 Nb4 13. Bb1 Qc7 14. Re1 Bc6 15. Ne4 Rd8 16. a3 N4d5 17. Nxd6+ Qxd6 18. Ne5 Nf6 19. Be3 Bd5 20. Bd3 0-0 21. Bg5 Nbd7 22. Nxd7 Rxd7 23. Bxf6 gxf6 24. Bxh7+ Kxh7 25. Qh5+ Kg7 26. Qg4+ 1-0

[Event "Roncana op-A 5th"]
[Site "Santa Eulalia de Roncana"]
[Date "2011.10.08"]
[Round "2"]
[White "Fabre Massana, Miquel"]
[Black "Torras Campdelacreu, Xavier"]
[Result "1-0"]
[WhiteElo "2134"]
[BlackElo "1890"]
[PlyCount "95"]
[EventDate "2011.10.01"]
[EventType "swiss"]
[EventRounds "8"]
[EventCountry "ESP"]
[SourceTitle "EXT 2013"]
[Source "ChessBase"]
[SourceDate "2012.11.22"]
[SourceVersion "1"]
[SourceVersionDate "2012.11.22"]
[SourceQuality "1"]

1. e4 d5 2. exd5 Qxd5 3. d4 e5 4. Nf3 exd4 5. Qxd4 Qxd4 6. Nxd4 Nf6 7. Nc3 Bb4 8. Bd2 0-0 9. 0-0-0 Ng4 10. Ne4 Be7 11. h3 Nf6 12. Ng3 Bd7 13. Bc4 Nc6 14. Ngf5 Bxf5 15. Nxf5 Bc5 16. f3 Ne5 17. Bb3 g6 18. Bc3 Rfe8 19. Rhe1 Ned7 20. Nh6+ Kf8 21. Nxf7 Be3+ 22. Bd2 Bxd2+ 23. Kxd2 Nc5 24. Ne5 Nxb3+ 25. axb3 Rad8+ 26. Nd3 Nh5 27. Rxe8+ Kxe8 28. Re1+ Kf7 29. Ke3 Re8+ 30. Kf2 Rxe1 31. Kxe1 Ng3 32. Kf2 Nf5 33. c3 Ne7 34. Ke3 Kf6 35. g4 Nc6 36. f4 Na5 37. Nc1 Nc6 38. Ke4 a6 39. Nd3 b6 40. Nb4 Nxb4 41. cxb4 c6 42. f5 gxf5+ 43. gxf5 h6 44. h4 a5 45. bxa5 bxa5 46. Kf4 c5 47. Ke4 h5 48. Kf4 1-0

[Event "Roncana op 4th"]
[Site "Santa Eulalia de Roncana"]
[Date "2010.11.06"]
[Round "6"]
[White "Lopez Santana, Oscar"]
[Black "Torras Campdelacreu, Xavier"]
[Result "1-0"]
[WhiteElo "2162"]
[BlackElo "1973"]
[PlyCount "77"]
[EventDate "2010.10.02"]
[EventType "swiss"]
[EventRounds "9"]
[EventCountry "ESP"]
[SourceTitle "EXT 2012"]
[Source "ChessBase"]
[SourceDate "2011.11.24"]
[SourceVersion "1"]
[SourceVersionDate "2011.11.24"]
[SourceQuality "1"]

1. e4 c5 2. Nf3 g6 3. c3 Bg7 4. d4 cxd4 5. cxd4 d5 6. e5 Nc6 7. Nc3 Nh6 8. h3 0-0 9. Bb5 e6 10. Bg5 Qc7 11. Qd2 Nf5 12. g4 Nfxd4 13. Nxd4 Qxe5+ 14. Nde2 d4 15. 0-0-0 dxc3 16. Nxc3 Qc5 17. Be3 Qb4 18. Bxc6 bxc6 19. a3 Qa5 20. Ne4 Qxd2+ 21. Rxd2 Ba6 22. g5 Bc4 23. Nf6+ Kh8 24. Rd7 e5 25. Bxa7 h5 26. h4 Be6 27. Rc7 Bxf6 28. gxf6 Rfe8 29. Bc5 Ra4 30. Bb4 Rd8 31. Rd1 Rxd1+ 32. Kxd1 Bd5 33. Re7 Be6 34. Rxe6 fxe6 35. f7 Ra8 36. f8Q+ Rxf8 37. Bxf8 Kg8 38. Bh6 Kf7 39. Bg5 1-0

[Event "Roncana op 4th"]
[Site "Santa Eulalia de Roncana"]
[Date "2010.10.30"]
[Round "5"]
[White "Torras Campdelacreu, Xavier"]
[Black "Garriga Cazorla, Pere"]
[Result "1/2-1/2"]
[WhiteElo "1973"]
[BlackElo "1681"]
[PlyCount "69"]
[EventDate "2010.10.02"]
[EventType "swiss"]
[EventRounds "9"]
[EventCountry "ESP"]
[SourceTitle "EXT 2012"]
[Source "ChessBase"]
[SourceDate "2011.11.24"]
[SourceVersion "1"]
[SourceVersionDate "2011.11.24"]
[SourceQuality "1"]

1. d4 Nf6 2. Nf3 g6 3. c4 Bg7 4. Nc3 0-0 5. e4 d6 6. Be2 e5 7. 0-0 exd4 8. Nxd4 a6 9. Bg5 h6 10. Be3 Re8 11. f3 Nbd7 12. Qd2 Kh7 13. Rac1 Ne5 14. Rfd1 Nfd7 15. Nd5 c5 16. Nc2 Nc6 17. Nc3 Bf8 18. Bf4 Nde5 19. Nd5 Be6 20. b3 Bg7 21. Be3 f5 22. Nc3 Nf7 23. Bd3 Nce5 24. exf5 gxf5 25. Ne2 Nxd3 26. Qxd3 Ne5 27. Qxd6 Qxd6 28. Rxd6 Bxc4 29. Nf4 Bf7 30. Rb6 Rab8 31. Rd1 c4 32. Bf2 cxb3 33. axb3 Red8 34. Rxd8 Rxd8 35. Ne3 1/2-1/2

[Event "Benidorm op U2000 08th"]
[Site "Benidorm"]
[Date "2009.12.07"]
[Round "10"]
[White "Torras Campdelacreu, Xavier"]
[Black "Cirjan, Daniel"]
[Result "1/2-1/2"]
[WhiteElo "1962"]
[BlackElo "1981"]
[PlyCount "76"]
[EventDate "2009.11.28"]
[EventType "swiss"]
[EventRounds "10"]
[EventCountry "ESP"]
[SourceTitle "CBM 133 Extra"]
[Source "ChessBase"]
[SourceDate "2010.01.05"]
[SourceVersion "1"]
[SourceVersionDate "2010.01.05"]
[SourceQuality "1"]

1. d4 f5 2. Bg5 g6 3. e3 Bg7 4. c3 Nf6 5. Bd3 d5 6. Bxf6 Bxf6 7. Ne2 Nc6 8. f4 Be6 9. Nd2 0-0 10. Nf3 a5 11. a4 Nb8 12. Ne5 Bf7 13. h3 Qc8 14. Ng1 Bh4+ 15. Kd2 c5 16. Ngf3 Bf6 17. g4 Be6 18. g5 cxd4 19. exd4 Bg7 20. h4 Bf7 21. Qe2 Nc6 22. Nxf7 Rxf7 23. h5 Qc7 24. Ne5 Bxe5 25. fxe5 e6 26. hxg6 hxg6 27. Rh6 Rg7 28. Rah1 Kf7 29. Rh7 Rag8 30. R1h6 Rxh7 31. Rxh7+ Rg7 32. Qh2 Ne7 33. Qh6 Rxh7 34. Qxh7+ Ke8 35. Be2 Qd8 36. Bb5+ Kf8 37. Qh8+ Ng8 38. Qh7 Ne7 1/2-1/2

[Event "Benidorm op U2000 08th"]
[Site "Benidorm"]
[Date "2009.12.01"]
[Round "4"]
[White "Torras Campdelacreu, Xavier"]
[Black "Hoffmann, Roger"]
[Result "0-1"]
[WhiteElo "1962"]
[BlackElo "1998"]
[PlyCount "174"]
[EventDate "2009.11.28"]
[EventType "swiss"]
[EventRounds "10"]
[EventCountry "ESP"]
[SourceTitle "CBM 133 Extra"]
[Source "ChessBase"]
[SourceDate "2010.01.05"]
[SourceVersion "1"]
[SourceVersionDate "2010.01.05"]
[SourceQuality "1"]

1. d4 d5 2. Nf3 Nf6 3. e3 e6 4. Bd3 Bd6 5. c4 c6 6. Nc3 Nbd7 7. cxd5 exd5 8. 0-0 0-0 9. a3 Re8 10. Qc2 Nf8 11. b4 Bg4 12. Be2 Ne4 13. Bb2 Bf5 14. Bd3 Bg6 15. Ne2 Nd7 16. Ng3 f5 17. b5 cxb5 18. Qb3 Ndf6 19. Qxb5 a6 20. Qb3 Bxg3 21. hxg3 Bh5 22. Bxe4 Nxe4 23. Qd3 Bxf3 24. gxf3 Nd6 25. Rab1 Qa5 26. Rfc1 Rac8 27. Rxc8 Rxc8 28. Kg2 Qb5 29. Qxb5 axb5 30. Rc1 Nc4 31. Rc3 Ra8 32. Rb3 Ra5 33. Bc1 Kf7 34. f4 Ke6 35. f3 Kd7 36. Kf2 Kc6 37. Ke2 Ra4 38. Kd3 Ra8 39. Ke2 Re8 40. Rb4 Re6 41. Kf2 Rh6 42. Kg2 Rg6 43. a4 bxa4 44. Rxa4 Kb5 45. Ra7 Rb6 46. Ra1 Kc6 47. Ra2 Rb3 48. Rc2 b5 49. Kf2 b4 50. e4 Rb1 51. g4 b3 52. Rc3 b2 53. Bxb2 Rxb2+ 54. Kg3 Rd2 55. gxf5 Rxd4 56. e5 Rd1 57. f6 gxf6 58. exf6 Kd7 59. f5 Ke8 60. Rb3 Kf7 61. Rb7+ Kxf6 62. Rxh7 Kxf5 63. Rh4 Ne5 64. Rf4+ Kg5 65. Rf8 Rd3 66. Kf2 Ng6 67. Rg8 Kf5 68. Ke2 Nf4+ 69. Kf2 Rd2+ 70. Ke1 Rh2 71. Rd8 Ke5 72. Re8+ Kd4 73. Rf8 Ke3 74. Re8+ Kxf3 75. Rd8 Ng2+ 76. Kd2 Ke4 77. Kc3 Rh3+ 78. Kc2 Ne3+ 79. Kd2 Nc4+ 80. Kc2 Kd4 81. Rd7 Rh2+ 82. Kc1 Ne3 83. Ra7 Ke4 84. Re7+ Kd3 85. Ra7 Nc4 86. Kb1 d4 87. Rb7 Kc3 0-1

[Event "Santa Eulalia de Roncana 3rd"]
[Site "Santa Eulalia de Roncana"]
[Date "2009.11.14"]
[Round "7.3"]
[White "Morais Carreras, Javier"]
[Black "Torras Campdelacreu, Xavier"]
[Result "1-0"]
[WhiteElo "2031"]
[BlackElo "1962"]
[PlyCount "101"]
[EventDate "2009.10.03"]
[EventType "swiss"]
[EventRounds "9"]
[EventCountry "ESP"]
[SourceTitle "EXT 2024"]
[Source "ChessBase"]
[SourceDate "2023.10.10"]
[SourceVersion "1"]
[SourceVersionDate "2023.10.10"]
[SourceQuality "1"]

1. e4 d5 2. Nf3 Bg4 3. h3 Bh5 4. exd5 Qxd5 5. Be2 Nc6 6. Nc3 Qd6 7. d3 Nf6 8. 0-0 a6 9. Be3 e5 10. Ng5 Bxe2 11. Qxe2 h6 12. Nge4 Nxe4 13. dxe4 Be7 14. Rad1 Qg6 15. Nd5 Bd6 16. Qc4 0-0 17. f4 exf4 18. Bxf4 Qe6 19. Bxd6 cxd6 20. Qd3 Rad8 21. Qg3 Kh8 22. Rf4 Qe5 23. Nc3 Qc5+ 24. Kh1 Ne5 25. Rdf1 Qb4 26. b3 Rc8 27. Nd5 Qd2 28. c4 Qxa2 29. Ne7 Rcd8 30. Nf5 Rg8 31. Rh4 Ng6 32. Rg4 Qb2 33. Nxd6 Rxd6 34. Qxd6 Ne5 35. Rgf4 f6 36. Qd1 Nc6 37. R4f2 Qe5 38. Qd5 Qc3 39. Rf3 Qb2 40. Qc5 Ne5 41. Qf2 Qa3 42. Rxf6 gxf6 43. Qxf6+ Kh7 44. Qxe5 Rg7 45. Qf5+ Rg6 46. Rf3 Qc1+ 47. Kh2 Qd2 48. Rg3 Qd6 49. Qxg6+ Qxg6 50. Rxg6 Kxg6 51. Kg3 1-0

[Event "Roncana op 2nd"]
[Site "Santa Eulalia de Roncana"]
[Date "2008.11.01"]
[Round "5"]
[White "Bals Hernandez, Jordi"]
[Black "Torras Campdelacreu, Xavier"]
[Result "1-0"]
[WhiteElo "1877"]
[BlackElo "1960"]
[PlyCount "89"]
[EventDate "2008.10.04"]
[EventType "swiss"]
[EventRounds "9"]
[EventCountry "ESP"]
[SourceTitle "EXT 2011"]
[Source "ChessBase"]
[SourceDate "2010.11.26"]
[SourceVersion "1"]
[SourceVersionDate "2010.11.26"]
[SourceQuality "1"]

1. d4 d5 2. c4 c6 3. Nc3 Nf6 4. cxd5 cxd5 5. Bf4 e6 6. e3 Bd6 7. Bxd6 Qxd6 8. f4 Bd7 9. Nf3 a6 10. Bd3 Nc6 11. 0-0 h6 12. h3 Nb4 13. Bb1 0-0 14. Ne5 Rac8 15. g4 Bb5 16. Nxb5 axb5 17. a3 Nc6 18. h4 Ne4 19. Bxe4 dxe4 20. g5 hxg5 21. hxg5 Nxe5 22. fxe5 Qe7 23. Qg4 Rc2 24. Rf2 Rxf2 25. Kxf2 Rc8 26. Rh1 Qc7 27. Qh5 Qc2+ 28. Kg3 Kf8 29. Qh8+ Ke7 30. Qxg7 Rf8 31. Qf6+ Ke8 32. Qf2 Qxf2+ 33. Kxf2 Rg8 34. Rh5 Kd7 35. Kg3 Kc6 36. Kf4 Kd5 37. Rh7 Rf8 38. b3 b6 39. Rg7 Rh8 40. Rxf7 Rh3 41. Rd7+ Kc6 42. Rd6+ Kc7 43. Kxe4 Rh4+ 44. Kf3 Rh3+ 45. Kf4 1-0

[Event "Benidorm op U2000 06th"]
[Site "Benidorm"]
[Date "2007.??.??"]
[Round "2"]
[White "Diaz Begonte, Manuel"]
[Black "Torras Campdelacreu, Xavier"]
[Result "0-1"]
[WhiteElo "1895"]
[BlackElo "1980"]
[PlyCount "58"]
[EventDate "2007.11.??"]
[EventType "swiss"]
[EventRounds "9"]
[EventCountry "ESP"]
[SourceTitle "EXT 2010"]
[Source "ChessBase"]
[SourceDate "2010.11.25"]
[SourceVersion "1"]
[SourceVersionDate "2010.11.25"]
[SourceQuality "1"]

1. e4 c5 2. d4 cxd4 3. c3 d3 4. Bxd3 g6 5. Be3 Nc6 6. Ne2 Bg7 7. 0-0 Nf6 8. h3 d5 9. Nd2 0-0 10. e5 Nxe5 11. Bc2 Nc6 12. Nf3 e5 13. Bc5 Re8 14. Bb3 e4 15. Nfd4 Ne5 16. Nb5 Bf8 17. Bxf8 Rxf8 18. Nf4 a6 19. Nd4 Qd6 20. Qd2 g5 21. Nfe2 g4 22. Qg5+ Kh8 23. Ng3 Rg8 24. Qh4 gxh3 25. Rfe1 hxg2 26. Ngf5 Bxf5 27. Nxf5 Qe6 28. Nd4 Rg6 29. Nxe6 Nf3# 0-1

[Event "Benidorm op U2000 06th"]
[Site "Benidorm"]
[Date "2007.??.??"]
[Round "3"]
[White "Torras Campdelacreu, Xavier"]
[Black "Alonso Igual, Ignacio"]
[Result "1/2-1/2"]
[WhiteElo "1980"]
[BlackElo "1895"]
[PlyCount "32"]
[EventDate "2007.11.??"]
[EventType "swiss"]
[EventRounds "9"]
[EventCountry "ESP"]
[SourceTitle "EXT 2010"]
[Source "ChessBase"]
[SourceDate "2010.11.25"]
[SourceVersion "1"]
[SourceVersionDate "2010.11.25"]
[SourceQuality "1"]

1. d4 d5 2. Nf3 c6 3. e3 Bf5 4. Be2 Nf6 5. Nbd2 e6 6. 0-0 Nbd7 7. c4 Bd6 8. Re1 0-0 9. b3 Ne4 10. Nxe4 dxe4 11. Nd2 Qh4 12. g3 Qg5 13. Bf1 h5 14. Bg2 Nf6 15. f3 exf3 16. Nxf3 Qg4 1/2-1/2

[Event "Benidorm op U2000 06th"]
[Site "Benidorm"]
[Date "2007.??.??"]
[Round "8"]
[White "Torras Campdelacreu, Xavier"]
[Black "Garcia Perez, Ramon"]
[Result "0-1"]
[WhiteElo "1980"]
[BlackElo "1865"]
[PlyCount "56"]
[EventDate "2007.11.??"]
[EventType "swiss"]
[EventRounds "9"]
[EventCountry "ESP"]
[SourceTitle "EXT 2010"]
[Source "ChessBase"]
[SourceDate "2010.11.25"]
[SourceVersion "1"]
[SourceVersionDate "2010.11.25"]
[SourceQuality "1"]

1. d4 e6 2. Nf3 f5 3. Bg5 Be7 4. Bxe7 Qxe7 5. Nbd2 Nf6 6. e3 d6 7. Bc4 Nc6 8. Qe2 Nd8 9. 0-0 Nf7 10. Bb3 0-0 11. e4 Qd8 12. c4 f4 13. e5 dxe5 14. dxe5 Ng4 15. Rfd1 Qe7 16. h3 Ngh6 17. Ne4 b6 18. Qd2 g5 19. Qd3 Nf5 20. g4 fxg3 21. fxg3 Rd8 22. Nf6+ Kg7 23. Qe4 Rb8 24. Rxd8 Bb7 25. Qg4 Rxd8 26. Ne4 h5 27. Qxh5 Rh8 28. Qg4 Ne3 0-1

[Event "Benidorm Bali op-A"]
[Site "Benidorm"]
[Date "2003.11.22"]
[Round "2"]
[White "Torras Campdelacreu, Xavier"]
[Black "Martin Blanco, Fernando"]
[Result "0-1"]
[WhiteElo "2052"]
[BlackElo "2128"]
[PlyCount "158"]
[EventDate "2003.11.21"]
[EventType "swiss"]
[EventRounds "9"]
[EventCountry "ESP"]
[SourceTitle "CBM 097 Extra"]
[Source "ChessBase"]
[SourceDate "2004.01.13"]
[SourceVersion "1"]
[SourceVersionDate "2004.01.13"]
[SourceQuality "1"]

1. d4 Nf6 2. c4 g6 3. Nf3 Bg7 4. Nc3 d5 5. e3 0-0 6. Be2 c5 7. 0-0 cxd4 8. exd4 Nc6 9. Bf4 Nh5 10. Be3 e6 11. Qd2 dxc4 12. Bxc4 b6 13. Rfd1 Bb7 14. Qe2 Ne7 15. Bg5 h6 16. Bxe7 Qxe7 17. d5 Nf4 18. Qe3 Qc7 19. dxe6 Qxc4 20. e7 Rfe8 21. Rd7 Bc6 22. Rc7 Ne6 23. Nd2 Qf4 24. Qxf4 Nxf4 25. Rxc6 Rxe7 26. Nf3 Nd3 27. b3 Nb4 28. Rc4 b5 29. Rc5 Nd3 30. Rc6 b4 31. Nd5 Re2 32. Rf1 Rae8 33. Ne3 Rxa2 34. Rd6 Nc5 35. Rb1 Ne4 36. Rd7 a5 37. Nc4 Nc5 38. Nd6 Nxd7 39. Nxe8 Bc3 40. g3 Kf8 41. Nd6 Nc5 42. Nc4 a4 43. bxa4 Rxa4 44. Nb6 Ra1 45. Rxa1 Bxa1 46. Nd2 Bd4 47. Kf1 b3 48. Nd5 f5 49. f3 Kf7 50. Ke2 g5 51. Nc7 h5 52. h3 Be5 53. Nb5 Ke6 54. f4 gxf4 55. gxf4 Bg7 56. Nc7+ Kd7 57. Nd5 b2 58. Ne3 Ke6 59. Kf3 Ne4 60. Nb1 Nc3 61. Nd2 b1Q 62. Nxb1 Nxb1 63. Kg3 Bf6 64. Kf3 Nd2+ 65. Ke2 Ne4 66. Kf3 h4 67. Nc4 Bd4 68. Na3 Kd5 69. Nc2 Bf2 70. Nb4+ Kc4 71. Nc6 Bg3 72. Ne7 Nd6 73. Ng6 Kd4 74. Ne7 Kd3 75. Nd5 Ne4 76. Ne7 Nd2+ 77. Kg2 Ke4 78. Ng6 Nc4 79. Kf1 Ne3+ 0-1

[Event "Canovelles op-A"]
[Site "Canovelles"]
[Date "1999.??.??"]
[Round "4"]
[White "Torras Campdelacreu, Xavier"]
[Black "Amat Domenech, Carles"]
[Result "0-1"]
[WhiteElo "2000"]
[BlackElo "1960"]
[PlyCount "80"]
[EventDate "1999.??.??"]
[EventType "swiss"]
[EventRounds "9"]
[EventCountry "ESP"]
[SourceTitle "EXT 2000"]
[Source "ChessBase"]
[SourceDate "1999.11.16"]
[SourceVersion "1"]
[SourceVersionDate "1999.11.16"]
[SourceQuality "1"]

1. d4 b6 2. Bg5 g6 3. Nf3 Bg7 4. c3 Bb7 5. Nbd2 Nf6 6. Qc2 0-0 7. e3 d6 8. Be2 Nbd7 9. 0-0 c5 10. Rad1 Re8 11. Rfe1 a6 12. a4 Qc7 13. dxc5 Nxc5 14. Nh4 Bc6 15. b3 Nfe4 16. Nxe4 Nxe4 17. Nf3 Nxc3 18. Rc1 Nxe2+ 19. Rxe2 Rac8 20. Nd4 Bxd4 21. exd4 Qb7 22. Qd2 f6 23. Bh4 Bxg2 24. Rxc8 Rxc8 25. Qe3 Bh1 26. f4 Rc7 27. Bxf6 exf6 28. Qe6+ Kg7 29. Qe3 f5 30. h4 Bf3 31. Re1 Qe4 32. Qf2 Qxf4 33. d5 Kh6 34. h5 Rc1 35. Rxc1 Qxc1+ 36. Kh2 Qh1+ 37. Kg3 Qg2+ 38. Qxg2 Bxg2 39. Kxg2 Kxh5 40. Kf3 g5 0-1

[Event "Canovelles op-A"]
[Site "Canovelles"]
[Date "1999.??.??"]
[Round "9"]
[White "Torras Campdelacreu, Xavier"]
[Black "Carricondo Fernandez, Vicente"]
[Result "1/2-1/2"]
[WhiteElo "2000"]
[BlackElo "2060"]
[PlyCount "82"]
[EventDate "1999.??.??"]
[EventType "swiss"]
[EventRounds "9"]
[EventCountry "ESP"]
[SourceTitle "EXT 2000"]
[Source "ChessBase"]
[SourceDate "1999.11.16"]
[SourceVersion "1"]
[SourceVersionDate "1999.11.16"]
[SourceQuality "1"]

1. c4 e6 2. d4 d5 3. Nf3 c5 4. Nc3 Nf6 5. Bg5 cxd4 6. Nxd4 Be7 7. e3 dxc4 8. Bxc4 0-0 9. 0-0 Nbd7 10. Qe2 Ne5 11. Bb3 Bd7 12. Rfd1 a6 13. f4 Ng6 14. Nxe6 Qc8 15. Rxd7 Qxd7 16. Nxf8 Kxf8 17. Qc4 Qe8 18. Rd1 Rc8 19. Qa4 Qxa4 20. Bxa4 b5 21. Bb3 Bc5 22. Bxf6 Bxe3+ 23. Kf1 gxf6 24. g3 Ne7 25. Ne4 f5 26. Ng5 f6 27. Ne6+ Ke8 28. Ng7+ Kf8 29. Nh5 a5 30. Be6 Rc1 31. Rxc1 Bxc1 32. b3 Bb2 33. Ke2 Nc6 34. Bd7 Nd4+ 35. Ke3 Kf7 36. h3 Ke7 37. Bc8 a4 38. bxa4 bxa4 39. Kd3 Kf7 40. Bd7 a3 41. g4 fxg4 1/2-1/2

[Event "Canovelles op-A"]
[Site "Canovelles"]
[Date "1999.??.??"]
[Round "3"]
[White "Torras Campdelacreu, Xavier"]
[Black "Fabre Massana, Miquel"]
[Result "0-1"]
[WhiteElo "2000"]
[BlackElo "2255"]
[PlyCount "106"]
[EventDate "1999.??.??"]
[EventType "swiss"]
[EventRounds "9"]
[EventCountry "ESP"]
[SourceTitle "EXT 2000"]
[Source "ChessBase"]
[SourceDate "1999.11.16"]
[SourceVersion "1"]
[SourceVersionDate "1999.11.16"]
[SourceQuality "1"]

1. d4 Nf6 2. Nf3 c5 3. c4 g6 4. g3 Bg7 5. Bg2 cxd4 6. Nxd4 0-0 7. 0-0 Nc6 8. Nf3 d6 9. Nc3 Be6 10. Nd5 Rc8 11. Ng5 Bd7 12. Rb1 h6 13. Nh3 Kh7 14. b3 Bf5 15. Nxf6+ Bxf6 16. e4 Bd7 17. Nf4 Ne5 18. Nd5 Bg7 19. f4 Ng4 20. f5 Ne5 21. Qd2 Bc6 22. Rb2 Bxd5 23. exd5 g5 24. Rc2 Nd7 25. Bb2 Bxb2 26. Rxb2 f6 27. Qe2 Ne5 28. Bf3 Rg8 29. h3 Rc5 30. Rd2 a5 31. Kh1 Qb6 32. Qf2 Qb4 33. Bd1 b5 34. Rd4 bxc4 35. Qe2 Qc3 36. Rxc4 Rxc4 37. bxc4 Rb8 38. Bb3 Qxg3 39. Qg2 Qxg2+ 40. Kxg2 Kg7 41. Rc1 Rc8 42. Rc3 h5 43. Kg3 h4+ 44. Kg2 Kh6 45. Rc1 g4 46. hxg4 Nxg4 47. Kh3 Ne3 48. Kxh4 Rg8 49. c5 a4 50. Bxa4 Rg4+ 51. Kh3 Rxa4 52. cxd6 exd6 53. Re1 Nxf5 0-1

[Event "Canovelles op-A"]
[Site "Canovelles"]
[Date "1999.??.??"]
[Round "6"]
[White "Torras Campdelacreu, Xavier"]
[Black "Gomez Benitez, David Isaac"]
[Result "0-1"]
[WhiteElo "2000"]
[BlackElo "2005"]
[PlyCount "66"]
[EventDate "1999.??.??"]
[EventType "swiss"]
[EventRounds "9"]
[EventCountry "ESP"]
[SourceTitle "EXT 2000"]
[Source "ChessBase"]
[SourceDate "1999.11.16"]
[SourceVersion "1"]
[SourceVersionDate "1999.11.16"]
[SourceQuality "1"]

1. d4 f5 2. Bg5 Nf6 3. Bxf6 exf6 4. e3 d5 5. Bd3 Be6 6. Qf3 g6 7. Ne2 Bd6 8. Nbc3 c6 9. Nf4 Kf7 10. Nxe6 Kxe6 11. 0-0-0 Qa5 12. g4 fxg4 13. Qxg4+ f5 14. Qh3 Bb4 15. e4 dxe4 16. Bc4+ Kf6 17. d5 Kg7 18. d6 Bxc3 19. bxc3 Nd7 20. Rhe1 Rhe8 21. Re3 Qc5 22. Bb3 Rad8 23. Qh4 Ne5 24. Rh3 h5 25. Qg3 Rxd6 26. Rxd6 Qxd6 27. Kb1 Rd8 28. Rxh5 Qd1+ 29. Kb2 Qxh5 30. Qxe5+ Kh6 31. Qf6 Qg5 32. Qf7 Rd1 33. Qe8 Qc1# 0-1